The farmer and corn-dealer's assistant; or, the knowledge of weights and measures made easy, by a variety of tables. ... To which are added, tables of all the fiars [sic] in Scotland for twenty-one years from 1756, ... Also, an extract from the Custom-house books of the annual exports and imports of grain in Scotland from the year 1707 to 1777. By Alexander Bald, ... (Record no. 113533)

MARC details
000 -LEADER
fixed length control field 00953cam a22001815a 4500
001 - CONTROL NUMBER
control field L155390
008 - FIXED-LENGTH DATA ELEMENTS--GENERAL INFORMATION
fixed length control field 120320s1780 xxk f 000 0 eng d
035 ## - SYSTEM CONTROL NUMBER
System control number (Sirsi) u155390
041 0# - LANGUAGE CODE
Language code of text/sound track or separate title eng
100 1# - MAIN ENTRY--PERSONAL NAME
Personal name Bald, Alexander
245 04 - TITLE STATEMENT
Title The farmer and corn-dealer's assistant; or, the knowledge of weights and measures made easy, by a variety of tables. ... To which are added, tables of all the fiars [sic] in Scotland for twenty-one years from 1756, ... Also, an extract from the Custom-house books of the annual exports and imports of grain in Scotland from the year 1707 to 1777. By Alexander Bald, ...
260 ## - PUBLICATION, DISTRIBUTION, ETC.
Place of publication, distribution, etc. Edinburgh
Name of publisher, distributor, etc. printed by MacFarquhar and Elliot, for W. Anderson, Stirling; C. Elliot, Edinburgh; Dunlop and Wilson, Glasgow; and the author, at Alloa
Date of publication, distribution, etc. 1780
300 ## - PHYSICAL DESCRIPTION
Extent xi, [1], 454 p.
Dimensions 8o
583 ## - ACTION NOTE
Action Condition reviewed
Time/date of action 20120620
Status condition level 1
651 #4 - SUBJECT ADDED ENTRY--GEOGRAPHIC NAME
Geographic name Great Britain
Chronological subdivision 1707-
690 ## - LOCAL SUBJECT ADDED ENTRY--TOPICAL TERM (OCLC, RLIN)
Topical term or geographic name as entry element Rural
9 (RLIN) 6268
942 ## - ADDED ENTRY ELEMENTS (KOHA)
Suppress in OPAC 0
Holdings
Withdrawn status Lost status Damaged status Not for loan Home library Current library Shelving location Date acquired Total Checkouts Full call number Barcode Date last seen Copy number Price effective from Koha item type
        Historic collection Historic collection Historic collection 20/03/2012   AGRICULTURE OCTAVO 1780 BALD 30075898 21/08/2025 1 06/08/2019 Book